000
00279nam a22001217a 4500
008
181003b xxu||||| |||| 00| 0 eng d
041
_a
eng
080
_a
101
100
_a
24
101
_a
FIL
245
_a
Of the Standard of Taste and Other Essays
_c
Lenz,J.W
942
_2
udc
_c
BK
999
_c
48823
_d
48823